000 00768nam a22002297a 4500
999 _c935
_d935
003 AR-CdUCM
008 190225b ||||| |||| 00| 0 spa d
020 _a8472323900
040 _aMUNICIPALIDAD PROVINCIAL DEL CUSCO
_cBIBLIOTECA MUNICIPAL DEL CUSCO
082 _a868.6 /
_bSA18
100 _aSalom, Jaime
_93617
245 _aLas Casas, una hoguera en el Amanecer /
_cSalom, Jaime
260 _aMadrid :
_bGraficas Goes,
_c1986.
300 _a165 paginas ;
_c25cm.
505 _aActo primero -- Acto Segundo -- Acto Tercero -- Acto Cuarto -- Generales...
650 _aActividades literarias
_93618
650 _aColeccion de teatro
_93619
650 _aHispanoamerica
_9886
650 _aColonización
_93620
942 _2ddc
_cLIBROS
945 _apjha
_d2019-02-25